Les agences de voyages agrees IATA/ATAF parc et chiffre d'affaires 1982-1983

Αποθηκεύτηκε σε:
Λεπτομέρειες βιβλιογραφικής εγγραφής
Κύριος συγγραφέας: Baretje, Rene
Μορφή: Βιβλίο
Γλώσσα:French
Δημοσίευση: Paris : Centre des hautes etudes touristiques, 1986
Σειρά:Cahiers du tourisme. Serie D ; ; 29
Θέματα:
Ετικέτες: Προσθήκη ετικέτας
Δεν υπάρχουν, Καταχωρήστε ετικέτα πρώτοι!

MARC

LEADER 00000nam a2200000 i 4500
001 1/19110
008 960624s1986 fre d
035 |l 10021155 
040 |a GR-MY-UA  |b gre  |e aacr 
041 0 |a fre 
082 0 |a 338.4791 
100 1 |a Baretje, Rene. 
245 1 4 |a Les agences de voyages agrees IATA/ATAF parc et chiffre d'affaires 1982-1983 /  |c R.Baretje 
260 |a Paris :   |b Centre des hautes etudes touristiques,   |c 1986 
300 |a 54 p. 
490 1 |a Cahiers du tourisme. Serie D  |v ; 29 
650 0 0 |a Tourism. 
650 0 0 |a Travel agents  |z France  |x Statistics. 
830 0 |a Cahiers du tourisme. Serie D ;  |v ; 29 
852 |a INST  |b CHIOS  |e 19960624  |h 338.4791 BAR  |p 005200007551  |q 005200007551  |t BK  |y 0 
909 |a Χ  |b 032157